| 000 | 01779nam a22004577a 4500 | ||
|---|---|---|---|
| 003 | CHAP | ||
| 005 | 20241112133728.0 | ||
| 008 | 090402s2009 mx r 00010 spa d | ||
| 010 | _a95984 | ||
| 011 | _a96956 | ||
| 035 | _a107613 | ||
| 040 | _cCHAP | ||
| 090 | _aTesis | ||
| 100 | 1 |
_aMorales Cabrera, Mercedes _978230 |
|
| 245 | 1 | 0 |
_aVariación de pH y metabolitos de la anaerobiosis en frutos de aguacate "Hass" en atmósferas modificadas _c/por Mercedes Morales Cabrera |
| 260 |
_aChapingo, Méx. : _bEl autor, _c2009 |
||
| 300 |
_aix, 66 h. : _bcuadros, gráfs., ilus. |
||
| 502 | _aTesis (Ing. Agroindustrial) -- UACH. Departamento de Ingeniería Agroindustrial | ||
| 530 | _aTambién disponible en línea | ||
| 590 |
_aALEPH _b10 _c20130110 _lUCH01 _h1528 |
||
| 590 |
_aBATCH-UPD _b10 _c20130110 _lUCH01 _h0527 |
||
| 590 |
_aBATCH-UPD _b10 _c20130110 _lUCH01 _h2333 |
||
| 590 |
_aBATCH-UPD _b10 _c20130410 _lUCH01 _h0207 |
||
| 590 |
_aBATCH-UPD _b10 _c20130410 _lUCH01 _h1622 |
||
| 590 |
_aBATCH-UPD _b10 _c20130913 _lUCH01 _h2255 |
||
| 590 |
_aBATCH-UPD _b10 _c20140324 _lUCH01 _h1511 |
||
| 590 |
_aBATCH-UPD _b10 _c20141002 _lUCH01 _h0839 |
||
| 590 |
_aCONVERSION _b10 _c20130109 _lUCH01 _h1353 |
||
| 650 | 1 | 4 |
_aAguacate. _92490 |
| 650 | 1 | 4 |
_aAguacate _xEfecto del medio ambiente. _92506 |
| 650 | 1 | 4 |
_aAlmacenamiento en atmósfera controlada. _94461 |
| 650 | 1 | 4 |
_aAnaerobiosis. _95465 |
| 650 | 1 | 4 |
_aMetabolitos. _975157 |
| 650 | 1 | 7 |
_apH _xMedición _2 _987753 |
| 650 | 1 | 4 |
_aPlantas _xMetabolismo. _988858 |
| 856 |
_3Finding aid _uhttp://10.13.5.2/tesis/107613.pdf _zTeclea aqui |
||
| 901 | _aBK | ||
| 942 | _cFOLL | ||
| 949 |
_aTesis _bBC _cTES _d33724002090454 _eTS1 _gDonaciØn _h49097 _i107613 _si |
||
| 949 |
_aTesis _bBC _cTES _d33724002090496 _eTS2 _fc.2 _gDonaciØn _h49068 _i107613 _sb |
||
| 999 |
_c95984 _d95984 |
||